| 000 | 00472nam a2200193Ia 4500 | ||
|---|---|---|---|
| 008 | 210210b2015 xxu||||| |||| 00| 0 eng d | ||
| 020 | _a9788183297035 | ||
| 041 | _aeng | ||
| 082 | _a664.024 SINF | ||
| 100 | _aSINGH (Dhir) | ||
| 245 | _aFood technology | ||
| 260 |
_aNew Delhi _bShree Publishers and Distributors _c2015 |
||
| 300 | _axi,391 | ||
| 650 | _atechnology | ||
| 650 | _aFood | ||
| 690 | _aFood Technology | ||
| 700 | _aSINGH (Dheer) | ||
| 906 | _a072019 | ||
| 999 |
_c121890 _d121890 |
||